000 00555nam a22001935i 4500
001 98933
003 ES-MaACL
007 t|
008 950915s1869 gw ||||1| eng d
040 _aCAM
_bspa
_cCAM
100 1 _aEdwards, Annie.
_946664
245 1 0 _aSteven Lawrence, Yeoman /
_cby Edwards.
260 _aLeipzig :
_bBernhard Tauchnitz,
_c1869.
300 _a1 v. ;
_c16 cm.
490 1 _aCollection of British authors ;
_v1044
830 0 _aCollection of British authors ;
_v1044
_9180703
852 _aES-MaACL
_jG-11548
999 _c98933
_d98933